|
|
|
|
| LEADER |
00000nab a2200000 i 4500 |
| 001 |
publ307 |
| 005 |
20150312122225.0 |
| 008 |
150312s2009 hu o 000 zxx d |
| 040 |
|
|
|a BGE Publikációtár Repozitórium
|b hun
|
| 100 |
1 |
|
|a Horváth Gézáné
|
| 245 |
1 |
0 |
|a "Reformok útján" operációkutatási modellezéssel
|c Horváth Gézáné
|h [elektronikus dokumentum]
|
| 260 |
|
|
|c 2009
|
| 300 |
|
|
|a 88-91
|
| 490 |
0 |
|
|a Szakmai Füzetek
|v No. 26. sz
|
| 650 |
|
4 |
|a matematika- és számítástudományok
|
| 695 |
|
|
|a Operációkutatás
|
| 695 |
|
|
|a Reformok
|
| 856 |
4 |
0 |
|u https://publikaciotar.uni-bge.hu/id/eprint/307/1/szf_26_10.pdf
|z Dokumentum-elérés
|